Operating system principles (Record no. 143187)

MARC details
000 -LEADER
fixed length control field 00389nam a2200157Ia 4500
008 - FIXED-LENGTH DATA ELEMENTS--GENERAL INFORMATION
fixed length control field 230917s9999||||xx |||||||||||||| ||und||
040 ## - CATALOGING SOURCE
-- 123116
Original cataloging agency VIVEKANANDA LIBRARY
041 ## - Language
-- English
082 ## - DDC NUMBER
Classification number 005.43 S32O
100 ## - MAIN ENTRY--PERSONAL NAME
Personal name Silberschatz, Abraham
245 #0 - TITLE STATEMENT
Title Operating system principles
250 ## - EDITION STATEMENT
Edition statement 7th ed.
260 ## - PUBLICATION, DISTRIBUTION, ETC. (IMPRINT)
Place of publication, distribution, etc New Delhi
Name of publisher, distributor, etc John wiley
Date of publication, distribution, etc 2006
300 ## - PHYSICAL DESCRIPTION
Pages xx p. ; 896p
942 ## - ADDED ENTRY ELEMENTS (KOHA)
Koha item type Books
Holdings
Withdrawn status Lost status Damaged status Not for loan Location (home branch) Sublocation or collection (holding branch) Date acquired Koha issues (times borrowed) Koha full call number Accession No. Koha date last seen Koha item type
        VIVEKANANDA LIBRARY VIVEKANANDA LIBRARY 08/05/2009   005.43 S32O 255146 17/09/2023 Books
        VIVEKANANDA LIBRARY VIVEKANANDA LIBRARY 08/05/2009 1 005.43 S32O 255147 23/11/2023 Books
        VIVEKANANDA LIBRARY VIVEKANANDA LIBRARY 08/05/2009   005.43 S32O 255148 17/09/2023 Books
        VIVEKANANDA LIBRARY VIVEKANANDA LIBRARY 08/05/2009   005.43 S32O 255149 17/09/2023 Books
        VIVEKANANDA LIBRARY VIVEKANANDA LIBRARY 08/05/2009 1 005.43 S32O 255150 20/10/2023 Books
        VIVEKANANDA LIBRARY VIVEKANANDA LIBRARY 08/05/2009 2 005.43 S32O 255151 07/12/2023 Books
        VIVEKANANDA LIBRARY VIVEKANANDA LIBRARY 08/05/2009   005.43 S32O 255152 17/09/2023 Books
        VIVEKANANDA LIBRARY VIVEKANANDA LIBRARY 08/05/2009   005.43 S32O 255153 17/09/2023 Books
        VIVEKANANDA LIBRARY VIVEKANANDA LIBRARY 08/05/2009 6 005.43 S32O 255154 23/04/2026 Books
        VIVEKANANDA LIBRARY VIVEKANANDA LIBRARY 08/05/2009   005.43 S32O 255155 17/09/2023 Books
© Designed and Maintained by Vivekananda Library, MDU Rohtak